Architectural photography composition capture and digital image processing 3rd ed. (Record no. 7355)

000 -LEADER
fixed length control field 00286nam a2200097Ia 4500
008 - FIXED-LENGTH DATA ELEMENTS--GENERAL INFORMATION
fixed length control field 200302s9999 xx 000 0 und d
100 ## - MAIN ENTRY--PERSONAL NAME
Personal name Adrin Schulz
245 ## - TITLE STATEMENT
Title Architectural photography composition capture and digital image processing 3rd ed.
260 ## - PUBLICATION, DISTRIBUTION, ETC.
Name of publisher, distributor, etc. Rocky Nook Inc.
300 ## - PHYSICAL DESCRIPTION
Extent 285
Holdings
Withdrawn status Lost status Damaged status Not for loan Permanent Location Current Location Date acquired Cost, normal purchase price Total Checkouts Full call number Barcode Date last seen Date last checked out Price effective from Koha item type
        BMS College of Architecture, Design and Planning BMS College of Architecture, Design and Planning 2020-03-03 3210.00 1 778.94 AR-UG1257 2024-11-23 2024-11-08 2020-03-03 UG Books
Copyright © 2025, The Librarian, Library and Information Centre, BMSCA D&P, Bengaluru. All Rights Reserved
web counter

Powered by Koha